000 01176cam a2200349 a 4500
001 12021678
003 OSt
005 20140310184308.0
008 000525s2001 nyua j 000 0 eng
010 _a 00041462
020 _a0590987879
040 _aDLC
_cDLC
_dDLC
042 _alcac
050 0 0 _aPZ 8.1
_b.M987Sw 2002
100 1 _aMusgrove, Margaret.
_923217
245 1 4 _aThe spider weaver :
_ba legend of kente cloth /
_cMargaret Musgrove ; illustrated by Julia Cairns.
260 _aNew York :
_bBlue Sky Press,
_c2002.
300 _bcol. ill. ;
_c32 cm.
521 _aG4
526 _c620
650 1 _aKente cloth
_vFolklore.
_923218
650 1 _aAshanti (African people)
_vFolklore.
_923219
650 1 _aFolklore
_zGhana.
_923220
700 1 _aCairns, Julia,
_eill.
_923221
856 4 2 _3Book review (H-Net)
_uhttp://www.h-net.org/review/hrev-a0c5u8-aa
906 _a7
_bcbc
_corignew
_d1
_eocip
_f20
_gy-gencatlg
942 _2lcc
_cBK-SCHOLAS
999 _c33508
_d33508